Southville International School and Colleges
Your cart is empty.
  • Cart
  • Lists
    Public lists Eva Luna New books Lux_list list_1
    Your lists Log in to create your own lists
  • Log in to your account
  • Your cookies
  • Search history
Southville International School and Colleges
  • Advanced search
  • Recent comments
  • Most popular
  • Libraries

Log in to your account

Log in with GOOGLE


If you do not have an external account, but do have a local account, you can still log in:

  1. Home
  2. MARC view: Military and elite forces officer /
Normal view MARC view ISBD view

Military and elite forces officer / (Record no. 9764)

[ view plain ]
MARC details
000 -LEADER
fixed length control field 01253cam a22003374a 4500
001 - CONTROL NUMBER
control field 13014454
003 - CONTROL NUMBER IDENTIFIER
control field OSt
005 - DATE AND TIME OF LATEST TRANSACTION
control field 20140310182135.0
008 - FIXED-LENGTH DATA ELEMENTS--GENERAL INFORMATION
fixed length control field 021126s2003 paua c b 001 0 eng
010 ## - LIBRARY OF CONGRESS CONTROL NUMBER
LC control number 2002154667
020 ## - INTERNATIONAL STANDARD BOOK NUMBER
International Standard Book Number 1590843185
040 ## - CATALOGING SOURCE
Original cataloging agency DLC
Transcribing agency DLC
Modifying agency DLC
042 ## - AUTHENTICATION CODE
Authentication code pcc
-- lcac
043 ## - GEOGRAPHIC AREA CODE
Geographic area code n-us---
050 00 - LIBRARY OF CONGRESS CALL NUMBER
Classification number UB 413
Item number .L53 2003
082 00 - DEWEY DECIMAL CLASSIFICATION NUMBER
Classification number HS 355
Item number L62 2003
100 1# - MAIN ENTRY--PERSONAL NAME
Personal name Libal, Joyce.
9 (RLIN) 11339
245 10 - TITLE STATEMENT
Title Military and elite forces officer /
Statement of responsibility, etc Joyce Libal.
260 ## - PUBLICATION, DISTRIBUTION, ETC. (IMPRINT)
Place of publication, distribution, etc Broomall, Pa. :
Name of publisher, distributor, etc Mason Crest Publishers,
Date of publication, distribution, etc c2003.
300 ## - PHYSICAL DESCRIPTION
Extent 90 p. :
Other physical details col. ill. ;
Dimensions 24 cm.
440 #0 - SERIES STATEMENT/ADDED ENTRY--TITLE
Title Careers with character
9 (RLIN) 11335
500 ## - GENERAL NOTE
General note Includes bibliographical references (p. 86) and index.
650 #1 - SUBJECT ADDED ENTRY--TOPICAL TERM
Topical term or geographic name as entry element Vocational guidance.
9 (RLIN) 2038
651 #0 - SUBJECT ADDED ENTRY--GEOGRAPHIC NAME
Geographic name United States
General subdivision Armed Forces
-- Officers
-- Vocational guidance
Form subdivision Juvenile literature.
9 (RLIN) 14973
651 #1 - SUBJECT ADDED ENTRY--GEOGRAPHIC NAME
Geographic name United States
General subdivision Armed Forces
-- Officers
-- Vocational guidance.
9 (RLIN) 14974
856 41 - ELECTRONIC LOCATION AND ACCESS
Materials specified Table of contents
Uniform Resource Identifier <a href="http://www.loc.gov/catdir/toc/fy035/2002154667.html">http://www.loc.gov/catdir/toc/fy035/2002154667.html</a>
906 ## - LOCAL DATA ELEMENT F, LDF (RLIN)
a 7
b cbc
c orignew
d 1
e ecip
f 20
g y-gencatlg
942 ## - ADDED ENTRY ELEMENTS (KOHA)
Source of classification or shelving scheme Library of Congress Classification
Koha item type
Holdings
Withdrawn status Lost status Source of classification or shelving scheme Damaged status Home library Current library Shelving location Date acquired Total Checkouts Full call number Barcode Date last seen Copy number Price effective from Koha item type
    Library of Congress Classification   Luxembourg Library Luxembourg Library High School Section 08/29/2013   UB 413 .L53 2003 17330 08/10/2015 1 08/29/2013 Books

Military and elite forces officer /

APA

Libal J., . (2003). Military and elite forces officer. Broomall, Pa: Mason Crest Publishers.

Chicago

Libal Joyce, . 2003. Military and elite forces officer. Broomall, Pa: Mason Crest Publishers.

Harvard

Libal J., . (2003). Military and elite forces officer. Broomall, Pa: Mason Crest Publishers.

MLA

Libal Joyce, . Military and elite forces officer. Broomall, Pa: Mason Crest Publishers. 2003.

  • Place hold
  • Print
  • Cite
  • Add to your cart (remove)
  • Save record
    BIBTEX Dublin Core MARCXML MARC (non-Unicode/MARC-8) MARC (Unicode/UTF-8) MARC (Unicode/UTF-8, Standard) MODS (XML) RIS
  • More searches
    Search for this title in:
    Other Libraries (WorldCat) Other Databases (Google Scholar) Online Stores (Bookfinder.com) Open Library (openlibrary.org)

Exporting to Dublin Core...

SOUTHVILLE LIBRARY

Southville International School and Colleges Library

1281 Tropical Ave. Cor. Luxembourg St., BF Homes International, Las Pinas City

Tel. No. 8256374 / 252358 Loc. 117/146

Powered by Koha